<?xml version="1.0" encoding="UTF-8"?>
<marc:record xmlns:marc="http://www.loc.gov/MARC21/slim">
   <marc:leader>00000nam a2200000 a 4500</marc:leader>
   <marc:datafield ind1="1" ind2=" " tag="100">
      <marc:subfield code="a">Gibran, Khalil</marc:subfield>
      <marc:subfield code="4">aut</marc:subfield>
      <marc:subfield code="e">Verfasser/-in</marc:subfield>
   </marc:datafield>
   <marc:datafield ind1="1" ind2=" " tag="100">
      <marc:subfield code="a">Boulos, Sargon</marc:subfield>
   </marc:datafield>
   <marc:datafield ind1=" " ind2=" " tag="653">
      <marc:subfield code="a">Lyrik</marc:subfield>
   </marc:datafield>
   <marc:datafield ind1=" " ind2=" " tag="653">
      <marc:subfield code="a">Arabisch</marc:subfield>
   </marc:datafield>
   <marc:datafield ind1=" " ind2=" " tag="653">
      <marc:subfield code="a">Spiritualität</marc:subfield>
   </marc:datafield>
   <marc:datafield ind1="0" ind2="0" tag="245">
      <marc:subfield code="a">An-Nabi</marc:subfield>
   </marc:datafield>
   <marc:datafield ind1="0" ind2="0" tag="245">
      <marc:subfield code="c">Khalil Gibran ; Übersetzt von: Sargon Boulos</marc:subfield>
   </marc:datafield>
   <marc:datafield ind1=" " ind2="1" tag="264">
      <marc:subfield code="a">Köln</marc:subfield>
      <marc:subfield code="b">Al-Kamel Verlag</marc:subfield>
      <marc:subfield code="c">2008</marc:subfield>
   </marc:datafield>
   <marc:datafield ind1=" " ind2=" " tag="250">
      <marc:subfield code="a">Erstausgabe</marc:subfield>
   </marc:datafield>
   <marc:datafield ind1="1" ind2=" " tag="520">
      <marc:subfield code="a">Gedanken wie Juwelen &#x96; ein Geschenk tiefer Lebensweisheit. Seit Jahrzehnten entdeckt jede Generation wieder neu die Schönheit und Tiefe der Texte Khalil Gibrans, der »Prophet« avancierte zum internationalen Kultbuch. »Eure Kinder sind nicht Eure Kinder. Sie sind die Söhne und Töchter der Sehnsucht des Lebens nach sich selber. Sie kommen durch euch, aber nicht von euch, und obwohl sie mit euch sind, gehören sie euch doch nicht. Ihr dürft Ihnen eure Liebe geben, aber nicht eure Gedanken. Denn sie haben ihre eigenen Gedanken.«</marc:subfield>
   </marc:datafield>
   <marc:datafield ind1=" " ind2=" " tag="020">
      <marc:subfield code="a">9789933353339</marc:subfield>
      <marc:subfield code="9">9789933353339</marc:subfield>
   </marc:datafield>
   <marc:datafield ind1=" " ind2=" " tag="300">
      <marc:subfield code="a">93 Seiten</marc:subfield>
   </marc:datafield>
</marc:record>
